Selection and breeding of a moderate scale clone SCATC 7-33-97 (Record no. 68552)
[ view plain ]
| 000 -LEADER | |
|---|---|
| fixed length control field | 00527nam a2200205Ia 4500 |
| 100 ## - MAIN ENTRY--AUTHOR NAME | |
| Personal name | Huasun Huang |
| 245 #0 - TITLE STATEMENT | |
| Title | Selection and breeding of a moderate scale clone SCATC 7-33-97 |
| 260 ## - PUBLICATION, DISTRIBUTION, ETC. (IMPRINT) | |
| Name of publisher | Chinese Journal of Tropical Crops |
| Year of publication | 1994 |
| 300 ## - PHYSICAL DESCRIPTION | |
| Number of Pages | 6 |
| 650 ## - SUBJECT ADDED ENTRY--TOPICAL TERM | |
| Topical Term | Breeding |
| 650 ## - SUBJECT ADDED ENTRY--TOPICAL TERM | |
| Topical Term | Fine clone |
| 650 ## - SUBJECT ADDED ENTRY--TOPICAL TERM | |
| Topical Term | Hevea brasiliensis |
| 650 ## - SUBJECT ADDED ENTRY--TOPICAL TERM | |
| Topical Term | Selection |
| 650 ## - SUBJECT ADDED ENTRY--TOPICAL TERM | |
| Topical Term | Yield |
| 700 ## - ADDED ENTRY--PERSONAL NAME | |
| Personal name | Deshun Li |
| 700 ## - ADDED ENTRY--PERSONAL NAME | |
| Personal name | Maohuan Liang |
| 700 ## - ADDED ENTRY--PERSONAL NAME | |
| Personal name | Yuntong Wu |
| 942 ## - ADDED ENTRY ELEMENTS (KOHA) | |
| Koha item type | Journals |
| Withdrawn status | Lost status | Damaged status | Not for loan | Home library | Current library | Shelving location | Date acquired | Serial Enumeration / chronology | Koha item type |
|---|---|---|---|---|---|---|---|---|---|
| Journals | RRII Library | RRII Library | Botany | 13/08/2002 | Volume 15, Issue 2 | Journals |